01024nam a2200133 4500020001800000082001700018245003500035250001900070260003000089300001300119504003700132520070300169700001800872 a9781138672581 a910.71bDEB- aDebates in Geography Education aSecond Edition aNew YorkbRoutledgec2018 axx,321p. aInclude Acknowledgements & Index aThis comprehensive text encourages trainee and practising teachers to engage with and reflect on key issues, concepts and debates in geography education. Fully updated in line with the National Curriculum and the latest developments in the field, it provides a crucial exploration of the subject s expanding horizons, including powerful knowledge and the increasing prominence of fieldwork, as well as a renewed focus on the form and function of educational assessment and progression. With reflective questions, significant points of debate, and annotated further reading, it s an essential purchase for all those who want to develop a better understanding of the issues that shape their practice. a Jones, Mark